00924cam a2200241Ia 4500001001900000003000700019005001700026007000700043008004100050040003500091020003100126020002500157035002000182100002600202245005800228260004400286300002100330856009200351856010100443029002200544952009900566999001700665circleoffear00normCaSfIA20230525155117.0cr||||930625s1993 nyu 000 1 eng d aOCOcOCOdBAKERdOCLCGdCaSfIA a1558177213 (pbk.) :c$4.50 a9781558177215 (pbk.) a(OCoLC)283289531 aNorman, James,d1912-10aCircle of fear /h[electronic resource] cJim Norman. aNew York, NY :bPinnacle Books,cc1993. a512 p. ;c18 cm.41uhttp://www.archive.org/details/circleoffear00normzFree eBook from the Internet Archive42uhttp://www.openlibrary.org/books/OL12087338MzAdditional information and access via Open Library1 aAU@b000010368596 001040708Project GutenbergaCSPCbCSPCd2023-05-25l0r2023-05-25 00:00:00w2023-05-25yEBK c22366d22366